Entry Konu Terimi
001 - KONTROL NUMARASI
- Kontrol alanı: 80931
003 - KONTROL NUMARASI KİMLİĞİ
- Kontrol alanı: TR-BiSEU
005 - SON İŞLEM TARİHİ VE ZAMANI
- Kontrol alanı: 20260207003348.0
008 - SABİT UZUNLUKTAKİ VERİ ÖGELERİ - GENEL BİLGİ
- Sabit uzunlukta kontrol alanı: 260207|| aca||aabn | a|a d
040 ## - KATALOGLAMA KAYNAĞI
- Özgün kataloglama kurumu: TR-BiSEU
- Çeviri kurumu: TR-BiSEU
150 ## - KONU BAŞLIKLARI - KONU TERİMİ
- Konu terimi: Türk dili--Sözlük yazımı--Kongreler
670 ## - BİLGİNİN KAYNAĞI
- Bilginin alındığı kaynak: KOHA: (TR-BiSEU)43239: Türkiye'de ve dünyada sözlük yazımı ve araştırmaları uluslararası sempozyumu bildirileri, 4-6 Kasım 2010 80929, Türkiye'de ve dünyada sözlük yazımı ve araştırmaları .
